| 000 | 01024nam a2200265Ia 4500 | ||
|---|---|---|---|
| 003 | OSt | ||
| 005 | 20220923211408.0 | ||
| 006 | a|||||r|||| 00| 0 | ||
| 007 | ta | ||
| 008 | 220922b |||||||| |||| 00| 0 san d | ||
| 020 |
_a9788190191738 (hbk) _c300 |
||
| 024 | _a261,177 | ||
| 037 |
_b346, 26/03/2012, Vidyanidhi Prakashan _cTextual |
||
| 040 |
_aARTS _cARTS _bsan |
||
| 041 |
_2san _asan |
||
| 082 | _aO15,1A1x, 152Q1 | ||
| 100 | _aशास्त्री, श्रीवत्स | ||
| 245 | 0 | _aवाल्मीकि रामायण सुभाषितरत्नावलि | |
| 246 | _aVālmīki rāmāyaṇ subhāṣhitaratnāvali | ||
| 260 |
_aदिल्ली _b विद्यानिधि प्रकाशन _c2011 |
||
| 300 |
_a182पृ0 _ccm. |
||
| 650 | _aसंस्कृत साहित्य | ||
| 942 |
_hO15,1A1x, 152Q1 _cTEXL _2CC |
||
| 999 |
_c299078 _d299078 |
||